The search : (Record no. 339586)
[ view plain ]
| 000 -LEADER | |
|---|---|
| fixed length control field | 00752nam a2200277Ia 4500 |
| 008 - FIXED-LENGTH DATA ELEMENTS--GENERAL INFORMATION | |
| fixed length control field | 170711s9999 xx 000 0 und d |
| 020 ## - INTERNATIONAL STANDARD BOOK NUMBER | |
| International Standard Book Number | 9781857883626 |
| 050 ## - LIBRARY OF CONGRESS CALL NUMBER | |
| Classification number | 658.8 |
| 050 ## - LIBRARY OF CONGRESS CALL NUMBER | |
| Item number | B335 2006 |
| 100 ## - MAIN ENTRY--PERSONAL NAME | |
| Personal name | Battelle, John |
| 245 #4 - TITLE STATEMENT | |
| Title | The search : |
| 245 ## - TITLE STATEMENT | |
| Remainder of title | how google and its rivals rewrote the rules of business and transformed our culture / |
| 245 ## - TITLE STATEMENT | |
| Statement of responsibility, etc | by John Battelle. |
| 250 ## - EDITION STATEMENT | |
| Edition statement | First edition |
| 260 ## - PUBLICATION, DISTRIBUTION, ETC. (IMPRINT) | |
| Place of publication, distribution, etc | United Kingdom : |
| 260 ## - PUBLICATION, DISTRIBUTION, ETC. (IMPRINT) | |
| Name of publisher, distributor, etc | Nicholas Brealey, |
| 260 ## - PUBLICATION, DISTRIBUTION, ETC. (IMPRINT) | |
| Date of publication, distribution, etc | 2006 |
| 300 ## - PHYSICAL DESCRIPTION | |
| Extent | 327 pages : |
| 300 ## - PHYSICAL DESCRIPTION | |
| Other physical details | illustrations ; |
| 500 ## - GENERAL NOTE | |
| General note | Includes index. |
| 650 ## - SUBJECT ADDED ENTRY--TOPICAL TERM | |
| Topical term or geographic name as entry element | Google (Firm). |
| 650 ## - SUBJECT ADDED ENTRY--TOPICAL TERM | |
| Topical term or geographic name as entry element | Internet industry -- |
| 650 ## - SUBJECT ADDED ENTRY--TOPICAL TERM | |
| Topical term or geographic name as entry element | Web search engines. |
| 650 ## - SUBJECT ADDED ENTRY--TOPICAL TERM | |
| General subdivision | United States. |
| 700 ## - ADDED ENTRY--PERSONAL NAME | |
| Personal name | Title. |
No items available.